Statistics for Plural and singular

Click here to take the quiz!

General Stats

  • This quiz has been taken 147 times
    (140 since last reset)
  • The average score is 15 of 21

Answer Stats

HintAnswer% Correct
childchildren
100%
glassglasses
99%
menman
97%
watchwatches
97%
jelliesjelly
95%
fishesfish
93%
goosegeese
90%
pennypennies
83%
yourselfyourselves
82%
scissorsscissors
80%
oxoxen
75%
potatopotatoes
71%
alumnusalumni
67%
copycopies
65%
cactuscacti
53%
hippopotamushippopotami/hippopotamuses
53%
bacteriabacterium
46%
dicedie
45%
datadatum
42%
graffitograffiti
40%
geniusgenii/geniuses
31%

Score Distribution

Percentile by Number Answered

Percent of People with Each Score

Your Score History

You have not taken this quiz since the last reset